Lord of the Rings - The Fellowship Members by Quote - Statistics

General Stats
  • This quiz has been taken 76 times
  • The average score is 8 of 9
Answer Stats
Hint Answer % Correct
"I can't carry it for you, but I can carry you and it as well." Sam
95%
"Thus we meet again, though all the hosts of Mordor lay between us. Did I not say so at the Hornburg?" Aragorn
92%
"I do not know what daunts me more: Fangorn, or the thought of the long road through Rohan on foot." Gimli
91%
"Some folk have wonderful luck. He did not want to sleep, and he wanted to ride with Gandalf - and there he goes!" Merry
91%
"I was wrong, after all, and Gimli too. Merry, of all people, was on the right track." Gandalf
88%
"I see shapes of Men and of horses, and pale banners like shreds of cloud, and spears like winter-thickets on a misty night." Legolas
84%
"Look! The king has got a crown again! They cannot conquer forever!" Frodo
81%
"No! Don't believe what strangers say of themselves either! I am not a fighter." Pippin
81%
"In the deep places of the world! And thither we are going against my wish. Who will lead us now in this deadly dark?" Boromir
73%
No matching quizzes found
Score Distribution
Percent of People with Each Score
Percentile by Number Answered
Your Score History
You have not taken this quiz